00438nam a22001697a 4500003000400000005001700004008004100021040000900062082001500071100002300086245003900109250001200148260004600160300001100206630001300217650003800230OSt20260219145710.0260219b |||||||| |||| 00| 0 eng d cSBCL a230bKAC-E aKachiramattam,John aEnte Kalahavum Samvadavum(Part II) a1st ed. aKottayambKachiramattam Foundationc2014 a112 p. xReligion aChristianity & Christian theology